[Event "FRA-chT2 East 0607"]
[Site "France"]
[Date "2007.01.20"]
[Round "5.6"]
[White "Krauss, Bernard"]
[Black "Sengsavath, Sengsouriya"]
[Result "0-1"]
[WhiteElo "2020"]
[BlackElo "2065"]
[PlyCount "50"]
[EventDate "2006.10.15"]
[EventType "team-tourn"]
[EventRounds "11"]
[EventCountry "FRA"]
[SourceTitle "EXT 2008"]
[Source "ChessBase"]
[SourceDate "2007.11.25"]
[SourceVersion "1"]
[SourceVersionDate "2007.11.25"]
[SourceQuality "1"]
[WhiteTeam "Obernai"]
[BlackTeam "Mundolsheim"]
[WhiteTeamCountry "FRA"]
[BlackTeamCountry "FRA"]

1. e4 c5 2. Nf3 Nf6 3. Nc3 d5 4. exd5 Nxd5 5. d4 Nxc3 6. bxc3 e6 7. Bd3 Nc6 8. 0-0 Be7 9. Qe2 0-0 10. Rd1 Bf6 11. Ba3 Be7 12. Bxc5 Bxc5 13. dxc5 Qe7 14. Rab1 e5 15. h3 Re8 16. Bc4 e4 17. Nd4 Qxc5 18. Nb5 Ne5 19. Bb3 Nf3+ 20. gxf3 Qg5+ 21. Kh1 Bxh3 22. Rg1 Qh5 23. Bxf7+ Kxf7 24. Nd6+ Kf8 25. Rg5 Qxg5 0-1